[Event "Helsingor Hamlet rapid op 1st"]
[Site "Helsingor"]
[Date "2021.11.09"]
[Round "6"]
[White "Larsen, Ole Bogh"]
[Black "Jacobsen, Per Lykke"]
[Result "1-0"]
[WhiteElo "2253"]
[BlackElo "1841"]
[PlyCount "108"]
[EventDate "2021.11.09"]
[EventType "swiss (rapid)"]
[EventRounds "6"]
[EventCountry "DEN"]
[SourceTitle "EXT 2025"]
[Source "ChessBase"]
[SourceDate "2024.10.14"]
[SourceVersion "1"]
[SourceVersionDate "2024.10.14"]
[SourceQuality "1"]

1. d4 e6 2. c4 d5 3. Nf3 Nf6 4. g3 Be7 5. Bg2 0-0 6. 0-0 b6 7. b3 Bb7 8. Nc3 c5 9. cxd5 exd5 10. Bb2 Nc6 11. Rc1 Ne4 12. dxc5 Nxc3 13. Bxc3 bxc5 14. e3 Qd6 15. Qd2 Rad8 16. Rfd1 h6 17. Qb2 Qg6 18. Ne5 Nxe5 19. Bxe5 Rfe8 20. Rd2 Bf8 21. Rcd1 Qe6 22. Bc3 Bc6 23. Ba5 Rd7 24. a3 g6 25. h3 Bg7 26. Bc3 Bxc3 27. Qxc3 d4 28. exd4 Bxg2 29. Kxg2 Red8 30. Qxc5 Qxb3 31. d5 a6 32. Rd3 Qb2 33. Re3 Qf6 34. Rd4 Qd6 35. Qxd6 Rxd6 36. Red3 Kg7 37. f4 f5 38. Kf3 Kf6 39. Ke2 g5 40. Kd2 Rb8 41. Kc3 Rb5 42. a4 Rb1 43. Rc4 Ke7 44. Rc7+ Kd8 45. Rf7 Rh1 46. fxg5 Rxh3 47. Rxf5 hxg5 48. Rxg5 Ke7 49. Rf3 Rh1 50. Re5+ Kd8 51. Rf7 Rd1 52. Rg5 Ke8 53. Rh7 Kf8 54. Kc4 Rd4+ 1-0

[Event "Helsingor Rapid op"]
[Site "Helsingor"]
[Date "2021.05.18"]
[Round "1"]
[White "Jacobsen, Per Lykke"]
[Black "Jorgensen, Dennis"]
[Result "1/2-1/2"]
[WhiteElo "1841"]
[BlackElo "2132"]
[PlyCount "64"]
[EventDate "2021.05.18"]
[EventType "swiss (rapid)"]
[EventRounds "6"]
[EventCountry "DEN"]
[SourceTitle "EXT 2025"]
[Source "ChessBase"]
[SourceDate "2024.10.14"]
[SourceVersion "1"]
[SourceVersionDate "2024.10.14"]
[SourceQuality "1"]

1. e4 c6 2. d4 d5 3. exd5 cxd5 4. c4 Nf6 5. Nc3 e6 6. Nf3 Bb4 7. Be2 dxc4 8. 0-0 0-0 9. Bxc4 Bxc3 10. bxc3 Qc7 11. Qe2 b6 12. Bb2 Bb7 13. Bb3 Nc6 14. Rac1 Na5 15. c4 Ng4 16. Ne5 Nxe5 17. dxe5 Qc6 18. f3 Nxb3 19. axb3 Qc5+ 20. Kh1 Rfd8 21. Rfd1 h6 22. Qe1 Qe7 23. Bc3 Qg5 24. Bb4 Qf5 25. Rd6 Rdc8 26. Rdd1 Rd8 27. Bd6 Rdc8 28. b4 Qf4 29. c5 bxc5 30. bxc5 Bd5 31. Rxd5 exd5 32. e6 Qf5 1/2-1/2

[Event "Helsingor Rapid op"]
[Site "Helsingor"]
[Date "2021.05.18"]
[Round "2"]
[White "Jacobsen, Per Lykke"]
[Black "Stochkel, Casper"]
[Result "1/2-1/2"]
[WhiteElo "1841"]
[BlackElo "1783"]
[PlyCount "118"]
[EventDate "2021.05.18"]
[EventType "swiss (rapid)"]
[EventRounds "6"]
[EventCountry "DEN"]
[SourceTitle "EXT 2025"]
[Source "ChessBase"]
[SourceDate "2024.10.14"]
[SourceVersion "1"]
[SourceVersionDate "2024.10.14"]
[SourceQuality "1"]

1. e4 d6 2. d4 Nf6 3. Bd3 Nc6 4. c3 e5 5. Ne2 Bg4 6. 0-0 Bxe2 7. Bxe2 Be7 8. d5 Nb8 9. Qc2 0-0 10. Be3 c6 11. c4 Nbd7 12. Nc3 Rc8 13. Rad1 cxd5 14. exd5 a6 15. b4 Nb6 16. Qb3 Qc7 17. Bxb6 Qxb6 18. Na4 Qd8 19. Rc1 Nd7 20. Rfd1 b6 21. Nc3 f5 22. c5 bxc5 23. Bxa6 Rb8 24. b5 Qa5 25. Qa4 Qb6 26. Qc2 Ra8 27. Qe2 Nb8 28. Na4 Qa5 29. Nb2 Nxa6 30. bxa6 Qxa6 31. Qxa6 Rxa6 32. a4 Rb8 33. Rb1 Rab6 34. Rd2 c4 35. a5 c3 36. axb6 cxd2 37. Nc4 Bd8 38. b7 Rxb7 39. Nxd2 Rxb1+ 40. Nxb1 Ba5 41. Kf1 Bb4 42. Ke2 Kf7 43. Kd3 e4+ 44. Kc4 Bc5 45. f3 e3 46. Kd3 f4 47. Nc3 Kf6 48. Ke4 g5 49. Ne2 Ba3 50. g3 Bb2 51. gxf4 gxf4 52. Nxf4 Bc1 53. Ne2 Bd2 54. f4 Kg6 55. Kf3 Kf6 56. Kg4 Kg6 57. h3 Kf6 58. h4 Kg6 59. h5+ Kf6 1/2-1/2

[Event "Helsingor Northcoast Cup"]
[Site "Helsingor"]
[Date "2020.10.20"]
[Round "2"]
[White "Jacobsen, Per Lykke"]
[Black "Henningsen, Lasse"]
[Result "1-0"]
[WhiteElo "1821"]
[BlackElo "1939"]
[PlyCount "97"]
[EventDate "2020.10.06"]
[EventType "swiss"]
[EventRounds "6"]
[EventCountry "DEN"]
[SourceTitle "EXT 2024"]
[Source "ChessBase"]
[SourceDate "2023.10.10"]
[SourceVersion "1"]
[SourceVersionDate "2023.10.10"]
[SourceQuality "1"]

1. e4 d6 2. d4 Nf6 3. Bd3 g6 4. f4 Bg7 5. Nf3 0-0 6. 0-0 c5 7. c3 Nbd7 8. h3 Rb8 9. Qe2 e6 10. Be3 b6 11. Nbd2 Bb7 12. Rad1 d5 13. e5 Ne8 14. g4 f6 15. f5 fxe5 16. fxe6 e4 17. exd7 Qxd7 18. Nxe4 dxe4 19. Bc4+ Bd5 20. Ng5 b5 21. Bxd5+ Qxd5 22. dxc5 Qe5 23. Qh2 Qxh2+ 24. Kxh2 Be5+ 25. Kg2 Nf6 26. Bd4 Bxd4 27. cxd4 Nd5 28. Kg3 Rfe8 29. Rde1 e3 30. Kf3 h6 31. Ne4 Re7 32. Nc3 Rf8+ 33. Kg3 Rxf1 34. Rxf1 e2 35. Re1 Nxc3 36. bxc3 Re3+ 37. Kf2 Rxc3 38. Rxe2 Kf7 39. Re3 Rc2+ 40. Kf3 Rxa2 41. Ke4 Ke6 42. d5+ Kd7 43. Ke5 b4 44. Rf3 Re2+ 45. Kd4 Re7 46. c6+ Kc7 47. Kc5 Re5 48. Rf7+ Kd8 49. Kd6 1-0